| 000 | 01016nam a2200193Ia 4500 | ||
|---|---|---|---|
| 005 | 20250601170645.0 | ||
| 008 | 241212s9999 xx 000 0 und d | ||
| 020 |
_a9780349420967 _qpbk |
||
| 041 | _aeng | ||
| 082 |
_a658.4022 _bSNO |
||
| 100 | _aSnow, Shane | ||
| 245 | 0 |
_a Dream teams : working together without falling apart _c/ Shane Snow |
|
| 260 |
_bPiatkus _c2018 _aLondon, 2018 |
||
| 300 |
_axv, 286 p. _b: ill., charts _c; 24 cm |
||
| 504 | _aindex | ||
| 520 | _aAward-winning entrepreneur and journalist Shane Snow reveals the counterintuitive reasons why so many partnerships and groups break down--and why some break through. The best teams are more than the sum of their parts, but why does collaboration so often fail to fulfill this promise? In Dream Teams, Snow takes us on an adventure through history, neuroscience, psychology, and business, exploring what separates groups that simply get by together from those that get better together. | ||
| 650 | _aCooperative Behavior | ||
| 942 | _cENGLISH | ||
| 999 |
_c566838 _d566838 |
||